| 000 | 01008nam a22003137a 4500 | ||
|---|---|---|---|
| 003 | CHAP | ||
| 005 | 20220329132907.0 | ||
| 008 | 971010s1985 us a r 00010 eng d | ||
| 010 | _a19 | ||
| 011 | _a991 | ||
| 035 | _a99 | ||
| 040 | _cCHAP | ||
| 082 | 0 | 4 |
_a581.0724 _bZ3 |
| 100 | 0 | 0 |
_aZaitlin, Milton. _9123447 |
| 245 | 1 | 0 |
_aBiotechnology in plant science relevance to agriculture in the eighties _c/por Milton Zaitlin |
| 260 |
_aSan Diego : _bAcademic Press, _c1985 |
||
| 300 |
_a364 p. _b: ilus. |
||
| 590 |
_aBATCH-UPD _b10 _c20130110 _lUCH01 _h0218 |
||
| 590 |
_aBATCH-UPD _b10 _c20130110 _lUCH01 _h1953 |
||
| 590 |
_aBATCH-UPD _b10 _c20130410 _lUCH01 _h1314 |
||
| 590 |
_aBATCH-UPD _b10 _c20130914 _lUCH01 _h0646 |
||
| 590 |
_aCONVERSION _b10 _c20130109 _lUCH01 _h1302 |
||
| 650 | 1 | 4 |
_aBiotecnología vegetal. _912892 |
| 700 | 0 |
_aDay, Peter Russell. _931342 |
|
| 700 | 0 |
_aHollaender, Alexander. _955939 |
|
| 901 | _aBK | ||
| 942 | _cLIBRO | ||
| 949 |
_a581.0724 Z3 _bBC _cLIBRO _d33724000522520 _eLIBRO _h74683 _i99 _si |
||
| 999 |
_c19 _d19 |
||